000 005320000a22001810004500
003 MACL
005 20160224122601.0
008 160224b xxu||||| |||| 00| 0 eng d
040 _aMACL
_cMACL
041 _aHindi
082 _a800
100 _aदेवेन्‍द्र सत्‍यार्थी
_939435
245 _aधीरे बहो गंगा
260 _bराजकमल प्रकाशन
_c1948
_aदिल्‍ली
350 _a6
650 _aLiteracture
_939932
942 _cHIN
_k800
_2ddc
999 _c23312
_d23312